000 00831nam a2200253Ia 4500
003 OSt
005 20220925223608.0
006 a|||||r|||| 00| 0
007 ta
008 220923b |||||||| |||| 00| 0 eng d
020 _a9780415774116
_c1939.25
037 _b010, 15/09/2009, Om Book Distributors
_cGeneral Book
040 _aRTL
_cRTL
_beng
041 _2eng
_aeng
082 _aNB, S.73, P9
100 _aTatom Jacqueline
_9290057
245 0 _aMaking the metropolitan landscape
_b Standing firm on middle ground.
260 _aLondon
_bRoutledge
_c2009
300 _axix, 232p
_ccm.
650 _aGeography
700 _a Stauber Jennifer
_9290058
942 _hNB, S.73, P9
_cGB
_2CC
999 _c580012
_d580012